000 00430nam a2200181Ia 4500
001 22399
005 20260414150828.0
008 260414t2012||||xx |||||||||||||| ||spa||
041 _aESP
082 _a621.381
_bCH523
100 _aChapman, Stephen J.
_eAUT
245 0 _aMáquinas eléctricas
_b
260 _c2012
300 _axvii, 502 páginas :
_c27 cm.
650 _aTCA
654 _aCET
942 _cLIB
_dJUS
_fJUS
_2ddc
_n
999 _c22399
_d22399